000 00290nam a22001337a 4500
008 170922b xxu||||| |||| 00| 0 eng d
020 _a0195081412
041 _aeng
080 _a902
100 _a45
101 _aARK
245 _aEYEWITNESS TO DISCOVERY
_cFAGAN, B.M
942 _2udc
_cBK
999 _c28951
_d28951